LIBRARY ONLINE CATALOGUE

Essentials of anatomy and physiology / (Record no. 12164)

MARC details
000 -LEADER
fixed length control field 00738cam a22002412 4500
001 - CONTROL NUMBER
control field 0000020832
005 - DATE AND TIME OF LATEST TRANSACTION
control field 20151217155229.0
008 - FIXED-LENGTH DATA ELEMENTS--GENERAL INFORMATION
fixed length control field 111019s xx 000 0 eng d
020 ## - INTERNATIONAL STANDARD BOOK NUMBER
International Standard Book Number 0072464305
040 ## - CATALOGING SOURCE
Original cataloging agency KABU
Transcribing agency KABU
100 1# - MAIN ENTRY--PERSONAL NAME
Personal name Seeley, Rod R.
-- 0000180313
245 10 - TITLE STATEMENT
Title Essentials of anatomy and physiology /
Statement of responsibility, etc. Rod R. Seeley, Trent D. Stephens, Philip Tate.
250 ## - EDITION STATEMENT
Edition statement 5th ed.
260 ## - PUBLICATION, DISTRIBUTION, ETC. (IMPRINT)
Place of publication, distribution, etc. Boston :
Name of publisher, distributor, etc. McGraw Hill,
Date of publication, distribution, etc. 2005.
300 ## - PHYSICAL DESCRIPTION
Extent xix, 644 p.
650 #0 - SUBJECT ADDED ENTRY--TOPICAL TERM
Topical term or geographic name as entry element Human physiology.
-- 0000155597
650 #0 - SUBJECT ADDED ENTRY--TOPICAL TERM
Topical term or geographic name as entry element Human anatomy.
-- 0000155598
700 1# - ADDED ENTRY--PERSONAL NAME
Personal name Stephens, Trent D.
-- 0000180314
700 1# - ADDED ENTRY--PERSONAL NAME
Personal name Tate, Philip.
-- 0000180315
908 ## - PUT COMMAND PARAMETER (RLIN)
Put command parameter 111019
950 ## - LOCAL HOLDINGS (RLIN)
-- 1
Holdings
Withdrawn status Lost status Source of classification or shelving scheme Not for loan Home library Current library Date acquired Total Checkouts Total Renewals Full call number Barcode Date last seen Date last checked out Price effective from Koha item type
    Library of Congress Classification   Kabarak, Main Campus Kabarak, Main Campus 17/12/2015 62 5 QP34.5 .S44 2005 c.1 19521 05/06/2023 27/05/2023 17/12/2015 General Collection